000 00370nam a2200133 i 4500
001 bg
100 1 _aKOMKOV, Vadim
245 0 _aThe critical points theory and the variational principles in continuous mechanics of solids /
_cVadim Komkov.
260 _aWrocław,
_c1985.
040 _cBPK
041 _apol
942 _cKS
008 s pl f |000 0 pol
999 _c23243
_d23243
856 _uhttp://koha.tu.koszalin.pl/cgi-bin/koha/opac-detail.pl?biblionumber=23243
_yKatalog online BPK